000 01974nam0a2200385 i 4500
001 RU\NLR\BIBL_A\010305652
005 20241102010449.0
010 _a9785446901159
_9300
021 _aRU
_b2014-9802
_9619
035 _a(NILC)RuMoRGB-006741893
035 _a(NLR Aleph) 010305652
090 _a10615840
_c10615840
100 _a20140414d2013 u y0rusy50 ca
101 0 _arus
_amul
102 _aRU
105 _aa|||z||||00yy
200 1 _aМонгольские языки: история и современность
_dMongolic languages: history and present
_dМонгол хэлнyyд: тyyх ба орчин yе
_eматериалы международной научной конференции, Санкт-Петербург, 21-23 октября 2013 г.
_f[отв. ред. П.О. Рыкин]
_zeng
_zbua
210 _aСанкт-Петербург
_cНестор-История
_d2013
215 _a155 с.
_d22
300 _aВ надзаг.: Рос. акад. наук, Ин-т лингвист. исслед.
300 _aТекст многоязычный
320 _aБиблиогр. в конце ст.
510 1 _aMongolic languages: history and present
_zeng
510 1 _aМонгол хэлнyyд: тyyх ба орчин yе
_zeng
606 _aМонгольские языки
_jСъезды, совещания и т.п
_91114885
_3RU\NLR\AUTH\66121213
686 1 _aШ164я431
702 1 _aРыкин
_bП. О.
_f1978-
_gПавел Олегович
_4340
711 1 2 _a"Монгольские языки: история и современность", международная научная конференция
_eСанкт-Петербург
_f2013
_9408106
_3RU\NLR\AUTH\880370788
801 0 _aRU
_bРГБ
_c20140219
_gRCR
852 _aNLR
_jОЛСАА
942 _cBOOK
980 _aNBR